Οκτώ και μία μελέτες για την διαμόρφωση του λιμανιού της Ερμούπολης : εργασίες της Ανωτάτης Σχολής Εφαρμοσμένων Τεχνών της Βιέννης = Acht und ein projekt fur die hafengestaltung der stadt Hermoupolis : arbeiten der Hochschule fur Angewandte Kunst in Wien

Αποθηκεύτηκε σε:
Λεπτομέρειες βιβλιογραφικής εγγραφής
Συγγραφή απο Οργανισμό/Αρχή: Hochschule für Angewandte Kunst (Vienna, Austria)
Άλλοι συγγραφείς: Μανίκας, Δημήτρης, 1938- (Επιμελητής έκδοσης)
Μορφή: Βιβλίο
Γλώσσα:Greek
German
Δημοσίευση: Αθήνα : Ανεπίκαιρες Εκδόσεις, c1995.
Θέματα:
Ετικέτες: Προσθήκη ετικέτας
Δεν υπάρχουν, Καταχωρήστε ετικέτα πρώτοι!

MARC

LEADER 00000cam a2200000 a 4500
001 1/110541
008 160408s1995####gr | ||| |||| ||gre||
020 |a 9607424107 
040 |a GR-MyUa  |b gre  |c GR-MyUa  |e AACR2 
041 0 |a gre  |a ger 
082 7 |a 711.40949585   |2 (23)  
245 0 0 |a Οκτώ και μία μελέτες για την διαμόρφωση του λιμανιού της Ερμούπολης :   |b εργασίες της Ανωτάτης Σχολής Εφαρμοσμένων Τεχνών της Βιέννης = Acht und ein projekt fur die hafengestaltung der stadt Hermoupolis : arbeiten der Hochschule fur Angewandte Kunst in Wien /   |c υπεύθυνος για το περιεχόμενο Δημήτρης Μανίκας.  
246 1 |i Παράλληλος τίτλος:   |a Acht und ein projekt fur die hafengestaltung der stadt Hermoupolis :   |b arbeiten der Hochschule fur Angewandte Kunst in Wien 
260 |a Αθήνα :   |b Ανεπίκαιρες Εκδόσεις,   |c c1995.  
300 |a 84 σ. :   |b εικ. ;   |c 22 εκ.  
500 |a Η δημοσίευση αυτή τεκμηριώνει τις φοιτητικές εργασίες που έγιναν στο πλαίσιο των μαθημάτων του έτους 1994, στη Masterklasse για αρχιτεκτονική του τακτικού καθηγητή Wilhelm Holzbauer.  
500 |a Ο κατάλογος εκδόθηκε στα πλαίσια της έκθεσης "Οκτώ και μία μελέτες" που έγινε στην "Αίθουσα Τέχνης Ερμούπολης", 15 Απριλίου - 2 Μαΐου 1995.  
650 0 |a Harbors  |z Greece  |z Hermoupolis  |x Design and construction. 
700 1 |a Μανίκας, Δημήτρης,   |d 1938- ,  |e edt 
710 2 |a  Hochschule für Angewandte Kunst (Vienna, Austria) 
852 |a INST  |b SYROS  |c KYK  |e 20160408  |h 711.40949585 ΟΚΤ  |p 005500011685  |q 005500011685  |t BK  |y 0 
970 |a Κοντού  |b Παρασκευή  |z 08/04/2016